Prénoms filles 2001 - Statistiques

Statistiques générales
  • Ce quiz a été pris 190 fois
  • Le résultat moyen est 56 sur 100
Statistiques - réponses
Hint Lettre Prénoms % Correct
1 L Léa
95%
63 L Lou
93%
5 M Marie
92%
3 C Chloé
89%
9 J Julie
89%
4 E Emma
87%
25 L Louise
86%
15 C Camille
83%
2 M Manon
83%
66 A Anna
80%
8 C Clara
80%
11 L Lucie
80%
13 P Pauline
78%
22 J Juliette
77%
6 O Océane
77%
43 Z Zoé
77%
16 I Inès
75%
19 L Lisa
74%
10 S Sarah
73%
31 J Jade
72%
37 L Lola
72%
33 A Alice
71%
12 M Marine
70%
36 E Élise
69%
41 J Jeanne
69%
7 L Laura
69%
20 C Charlotte
68%
35 E Élisa
68%
27 E Emilie
68%
23 E Eva
68%
21 J Justine
66%
38 A Amélie
65%
30 C Clémence
65%
92 L Lina
65%
14 M Mathilde
65%
90 S Sophie
65%
29 M Marion
64%
62 J Julia
63%
53 L Léna
63%
78 L Laure
62%
57 V Valentine
62%
85 L Lise
61%
17 A Anaïs
59%
42 C Carla
59%
34 N Noémie
58%
46 A Alicia
57%
47 R Romane
57%
28 C Célia
56%
24 M Margaux
56%
44 M Margot
56%
70 N Nina
56%
49 C Claire
54%
32 A Amandine
53%
76 A Aurélie
53%
40 E Élodie
53%
64 E Éloïse
53%
45 M Mélanie
53%
74 V Victoria
53%
72 E Elsa
52%
39 M Mélissa
52%
60 F Fanny
50%
51 M Maëlle
50%
84 A Ambre
49%
94 H Héloïse
49%
26 M Morgane
49%
48 A Agathe
48%
89 C Clémentine
48%
82 M Maëlys
48%
98 Y Yasmine
48%
87 C Céline
47%
18 M Maeva
47%
50 A Audrey
46%
52 S Solène
46%
67 A Alexandra
43%
55 L Laurine
43%
75 A Anaëlle
41%
83 C Caroline
41%
58 E Émeline
41%
80 M Marina
41%
59 C Cassandra
39%
96 C Cloé
39%
68 E Estelle
39%
54 L Laurie
39%
77 O Ophélie
39%
61 S Salomé
39%
65 C Coralie
38%
56 A Alexia
37%
69 A Axelle
37%
73 C Coline
35%
97 I Ilona
35%
100 J Jessica
33%
81 C Clarisse
32%
91 L Lucile
32%
86 A Aurore
31%
88 F Flavie
31%
71 A Andréa
26%
93 M Myriam
23%
95 L Laëtitia
22%
99 L Ludivine
18%
79 A Alizée
17%
Aucun quiz correspondant
Distribution des résultats
% des personnes avec chaque résultat
Percentile par nombre de réponses
Votre historique - résultats
Vous n’avez pas pris ce quiz